| 000 | 00359nam a22001337a 4500 | ||
|---|---|---|---|
| 020 | _a978-0-07-070330-8 | ||
| 082 |
_a540 _bDHA/C |
||
| 100 | _aPREM DHAWAN, VANDANA DHAWAN | ||
| 245 |
_aTARGET 2011 CHEMISTRY _bFOR CLASS XI |
||
| 260 |
_aDELHI _bTATA McGRAW HILL EDUCATION PRIVATE LIMITED |
||
| 300 | _a631 | ||
| 650 |
_aCHEMISTRY FOR CLASS XI _zINDIA |
||
| 942 | _cBK | ||
| 999 |
_c541 _d541 |
||